000 00313cam a22001217a 4500
008 180718b1962 xxu||||| |||| 00| 0 eng d
082 _aB231 P193
100 _aPanikkar, K.M.
245 _aIn defence of liberalism
_cby K.M. Panikkar
260 _aBombay
_bAsia
_c1962
300 _avi, 135p
650 _aLiberalism.
999 _c420283
_d420283